Największe banki w Polsce pod względem liczby klientów - Statystyki

Ogólne statystyki
  • Ten quiz został rozwiązany 61 razy
  • Średni wynik to 5 z 10
Statystyki odpowiedzi
Numer Bank Klienci % Poprawnych
3. Santander Bank Polska 5 455 415
72%
5. ING Bank Śląski 4 615 000
70%
2. Bank Pekao 6 798 451
65%
7. mBank 4 076 213
65%
1. PKO BP i Inteligo 11 552 230
59%
6. Alior Bank 4 362 622
52%
9. Credit Agricole 2 152 412
52%
8. BNP Paribas 3 596 000
33%
4. Bank Millennium 4 849 939
22%
10. Bank Pocztowy 649 201
13%
Nie znaleziono quizów pasujących do podanych kryteriów
Rozkład punktacji
Procent ludzi z każdym wynikiem
Percentyl według liczby udzielonych odpowiedzi
Twoja historia wyników
Nie rozwiązałeś tego quizu